Mechanical sciences : (Record no. 67362)
[ view plain ]
| 000 -LEADER | |
|---|---|
| fixed length control field | 00674 a2200181 4500 |
| 020 ## - INTERNATIONAL STANDARD BOOK NUMBER | |
| International Standard Book Number | 8120327276 |
| 020 ## - INTERNATIONAL STANDARD BOOK NUMBER | |
| International Standard Book Number | 9788120327276 |
| 082 ## - DEWEY DECIMAL CLASSIFICATION NUMBER | |
| Classification number | 620.1 |
| 090 ## - LOCALLY ASSIGNED LC-TYPE CALL NUMBER (OCLC); LOCAL CALL NUMBER (RLIN) | |
| -- | 1188 |
| -- | 1188 |
| 100 1# - MAIN ENTRY--PERSONAL NAME | |
| Personal name | Paul, Akshoy Ranjan. |
| 245 10 - TITLE STATEMENT | |
| Title | Mechanical sciences : |
| Remainder of title | engineering thermodynamics and fluid mechanics / |
| Statement of responsibility, etc. | Akshoy Ranjan Paul, Sanchayan Mukherjee, Pijush Roy. |
| 260 ## - PUBLICATION, DISTRIBUTION, ETC. | |
| Place of publication, distribution, etc. | [S.l.] : |
| Name of publisher, distributor, etc. | Prentice-Hall of India Pvt.Ltd, |
| Date of publication, distribution, etc. | 2005. |
| 300 ## - PHYSICAL DESCRIPTION | |
| Extent | 604 p. ; |
| Dimensions | 24 cm. |
| 700 1# - ADDED ENTRY--PERSONAL NAME | |
| Personal name | Mukherjee, Sanchayan. |
| 700 1# - ADDED ENTRY--PERSONAL NAME | |
| Personal name | Roy, Pijush. |
| 942 ## - ADDED ENTRY ELEMENTS (KOHA) | |
| Institution code [OBSOLETE] | SNS |
| Koha item type | Book |
| Call number prefix | 620.1 PAU |
| Withdrawn status | Lost status | Source of classification or shelving scheme | Damaged status | Not for loan | Permanent Location | Current Location | Shelving location | Date acquired | Total Checkouts | Full call number | Barcode | Date last seen | Date last checked out | Price effective from | Koha item type |
|---|---|---|---|---|---|---|---|---|---|---|---|---|---|---|---|
| Pakistan Navy Engineering College (PNEC) | Pakistan Navy Engineering College (PNEC) | 1 | 621.4021 PAU | PNECLIB-028611 | 09/22/2016 | 09/22/2016 | Book |
